Every Avengers ever (Comics) - Statistics

General Stats
  • This quiz has been taken 118 times
    116 since last reset
  • The average score is 78 of 149
Answer Stats
Hint Answer % Correct
1963 - Original Team - Armored Avenger Iron-Man
98%
1963 - Original Team - Rage Monster Avenger Hulk
96%
2011 - Avengers - Red Monster Avenger Red Hulk
96%
1982 - Avengers - Green Avenger She-Hulk
96%
1963 - Original Team - Nordic God Avenger Thor
96%
2016 - All-New All-Different Avengers - Nordic god Avenger Thor (Foster)
96%
2020 - Savage Avengers - Big Monster Avenger Weapon H
96%
1963 - Original Team - Tiny Avenger Ant-man
94%
2002 - Avengers - Tiny Avenger Ant-Man (Lang)
94%
2010 - Secret Avengers - Small Avenger Ant-Man (O'Grady)
94%
1968 - Avengers - Wakandan Avenger Black Panther
94%
1964 - Avengers - First Avenger Captain-America
94%
2016 - Avengers - Tiny Avenger Wasp (Nadia)
94%
1965 - Avengers - Magic Avenger Scarlet Witch
93%
1963 - Original Team - Tiny Avenger Wasp
93%
1965 - Avengers - Fast Avenger Quicksilver
92%
1973 - Avengers - Russian Spy Avenger Black Widow
90%
1965 - Avengers - Accurate aim Avenger Hawkeye
90%
2018 - West Coast Avengers - Good aim Avenger Hawkeye (Bishop)
90%
2023 - Uncanny Avengers (Unity Division) - Strong mutant Avenger M
90%
1968 - Avengers - Android Avenger Vision
90%
2009 - Mighty Avengers - Android Avenger Vision (II)
90%
2016 - All-New All-Different Avengers - Arachnid Avenger Miles Morales
88%
1990 - Avengers - Arachnid Avenger Spider-Man
88%
1976 - Avengers - Blue Furred Avenger Beast
85%
2007 - New Avengers - Sorcerer Avenger Doctor Strange
83%
1967 - Avengers - Greek Demi-God Avenger Hercules
82%
2005 - New Avengers - Mutant Avenger Wolverine
82%
2011 - New Avengers - Blind Avenger Daredevil
79%
1979 - Avengers - Winged Avenger Falcon
79%
2015 - Uncanny Avengers (Unity team) - Firy Avenger Human Torch
79%
1989 - West Coast Avengers - Firy Avenger Human Torch (Hammond)
79%
1979 - Avengers - Cosmic Avenger Ms. Marvel
78%
1986 - West Coast Avengers - Rocky Avenger Thing
78%
1978 - Avengers - Deceased Avenger Captain Marvel (Mar-vell)
76%
1985 - Avengers - Aquatic Avenger Namor
75%
1988 - Avengers - Invisible Avenger Invisible Woman
74%
2010 - Secret Avengers - Cosmic Avenger Nova
74%
1984 - West Coast Avengers - Armored Avenger War Machine
74%
1977 - Avengers - Actor Avenger Wonder Man
73%
2011 - Secret Avengers - Kung-Fu Avenger Shang-Chi
72%
2012 - Secret Avengers - Symbiote Avenger Anti-Venom
71%
2015 - Uncanny Avengers (Unity team) - 4th Wall Avenger Deadpool
71%
2007 - New Avengers - Ninja Avenger Iron Fist
71%
2005 - New Avengers - Indestructible Avenger Luke Cage
69%
2011 - Avengers - Weather Avenger Storm
69%
1969 - Avengers - Medieval Avenger Black Knight
67%
2021 - Savage Avengers - Motocycle Avenger Ghost Rider (Blaze)
67%
2000 - Avengers - Fast Avenger 3-D Man
66%
2018 - Avengers - Revenge Avenger Ghost Rider (Reyes)
66%
1991 - West Coast Avengers - Tech Avenger Machine Man
66%
1987 - West Coast Avengers - Egyptian Avenger Moon Knight
65%
2008 - New Avengers - Arachnid Avenger Spider-Woman
65%
1991 - West Coast Avengers - Arachnid Avenger Spider-Woman II (Carpenter)
65%
2021 - Savage Avengers - Latverian Avenger Doctor Doom
64%
2008 - New Avengers - Detective Avenger Jessica Jones
64%
2004 - Avengers - British Avenger Lionheart
64%
2016 - All-New All-Different Avengers - Stretchy Avenger Ms Marvel (Khan)
63%
2008 - New Avengers - Former assassin Avenger Winter Soldier
63%
2012 - Secret Avengers - British Avenger Captain Britain
62%
1988 - Avengers - Elastic Avenger Mister Fantastic
61%
2013 - New Avengers - SHIELD Avenger Nick Fury
61%
1989 - West Coast Avengers - American Avenger US Agent
61%
2013 - Luke Cage's Avengers - Vampire Avenger Blade
60%
2020 - Savage Avengers - Vigilante Avenger Punisher
60%
1981 - Avengers - Feline Avenger Tigra
55%
1973 - Avengers - Celestial Madonna Avenger Mantis
54%
1973 - Avengers - Fencing Avenger Swordsman
54%
2016 - A-Force - Longed hair Avenger Medusa
53%
2016 - All-New All-Different Avengers - Cosmic Avenger Nova (Alexander)
53%
1990 - Avengers - Sandy Avenger Sandman
52%
2005 - New Avengers - Deaf Avenger Echo
51%
1978 - Avengers - Cowboy Avenger Two-Gun Kid
51%
2007 - Mighty Avengers - Greek god Avenger Ares
49%
2013 - Uncanny Avengers (Unity team)- Mutant Avenger Rogue
49%
1989 - Avengers - Eternal Avenger Sersi
48%
2020 - Savage Avengers - Ninja Avenger Elektra
47%
2005 - New Avengers - Cosmic Avenger Sentry
47%
2010 - Secret Avengers - Nordic God Avenger Valkyrie
47%
1976 - Avengers - Feline Avenger Hellcat
46%
1991 - Avengers - Inhuman Avenger Crystal
44%
2023 - Uncanny Avengers (Unity Division) - Psychic Ninja Avenger Psylocke
44%
2011 - Avengers - Seismic Avenger Quake
44%
2016 - A-Force - Singer Avenger Dazzler
43%
1998 - Avengers - Firy Avenger Firestar
43%
2015 - AIM's Avengers - Rodent Avenger Squirrel Girl
43%
2016 - Uncanny Avengers (Unity team) - Futuristic Avenger Cable
42%
1982 - Avengers - Light Avenger Photon
42%
2012 - Avengers - New Mutant Avenger Sunspot
42%
2020 - Savage Avengers - Barbarian Avenger Conan
40%
2020 - Savage Avengers - Magic Avenger Magik
40%
2012 - Uncanny Avengers (Unity team)- Mutant Avenger Havok
39%
1984 - West Coast Avengers - Staffed Avenger Mockingbird
39%
1988 - Avengers - Eternal Avenger Gilgamesh
38%
2015 - AIM's Avengers - Shapeshifting Avenger Hulkling
38%
1981 - Avengers - Android Avenger Jocasta
38%
2015 - AIM's Avengers - Magic Avenger Wiccan
38%
2012 - Avengers - New Mutant Avenger Cannonball
37%
2022 - Savage Avengers - Shadow Avenger Cloak
37%
2022 - Savage Avengers - Light Avenger Dagger
37%
1984 - Avengers - Love Avenger Starfox
37%
2001 - Avengers - Playcard Avenger Jack of Hearts
36%
2020 - Savage Avengers - Unstoppable Avenger Juggernaut
36%
1976 - Avengers - Bald Avenger Moondragon
36%
1989 - Avengers - Cosmic Avenger Quasar
36%
1990 - Avengers - Aquatic Avenger Stingray
36%
2013 - Luke Cage's Avengers - Cosmic Avenger Blue Marvel
34%
1987 - Avengers - Magic Avenger Doctor Druid
34%
2012 - Avengers - Cosmic Avenger Hyperion
34%
2013 - Luke Cage's Avengers - Feline Avenger White Tiger (Ayala)
34%
2014 - Uncanny Avengers (Unity team) - Clawed Mutant Avenger Sabretooth
33%
2013 - Uncanny Avengers (Unity team)- Firy Mutant Avenger Sunfire
33%
2018 - West Coast Avengers - Multidimensional Avenger America
29%
2012 - Avengers - Cosmic Avenger Captain Universe
29%
1988 - Avengers - Big Avenger Yellowjacket
29%
2022 - Savage Avengers - Cyborg Avenger Deathlok
28%
2009 - Mighty Avengers - Green Avenger Amadeus Cho
27%
2014 - Uncanny Avengers (Unity team) - Haitian Avenger Doctor Voodoo
27%
2018 - West Coast Avengers - Telepath Avenger Kid Omega
27%
2015 - AIM's Avengers - Loud Avenger Songbird
27%
2013 - Luke Cage's Avengers - Chi Avenger Power Man (Alvarez)
26%
2013 - New Avengers - SHIELD Avenger Agent Coulson
25%
1990 - Avengers - Kid Avenger Rage
25%
2010 - Secret Avengers - Spy Avenger Sharon Carter
25%
1987 - West Coast Avengers - Firy Avenger Firebird
24%
1998 - Avengers - Telekinetic Avenger Justice
24%
2013 - Avengers A.I. - Robot Avenger Doombot
22%
1993 - West Coast Avengers - Tech Avenger Darkhawk
21%
2010 - Avengers - Cosmic Avenger Marvel Boy
21%
1991 - Avengers - God Avenger Thunderstrike
21%
2018 - West Coast Avengers - Multidimensional Avenger Gwenpool
20%
2000 - Avengers - Metal Avenger Silverclaw
19%
2013 - Avengers - Cosmic Avenger Starbrand
19%
2012 - Avengers - Cosmic Avenger Smasher
18%
2013 - Avengers - Cosmic Avenger Ex Nihilo
16%
1991 - West Coast Avengers - Light Avenger Lightning
16%
2016 - A-Force - Mystical Avenger Nico Minoru
16%
1989 - Avengers - Strong Avenger Demolition Man
15%
2013 - Avengers - Cosmic Avenger Nightmask
15%
2013 - Avengers A.I. - Android Avenger Victor Mancha
15%
2013 - Avengers - Cosmic Avenger Abyss
13%
2013 - New Avengers - Villain Avenger Taskmaster
13%
2012 - Avengers - Mutant Avenger Manifold
12%
2016 - A-Force - Cosmic Avenger Singularity
12%
2015 - Uncanny Avengers (Unity team) - Inhuman Avenger Synapse
12%
2013 - Avengers A.I. - Android Avenger Protector
10%
2020 - Savage Avengers - Esoteric Avenger Hellstorm
9%
2009 - Mighty Avengers - Big Avenger Cassie Lang
7%
2018 - West Coast Avengers - Fusing Avenger Fuse
7%
No matching quizzes found
Score Distribution
Percent of People with Each Score
Percentile by Number Answered
Your Score History
You have not taken this quiz since the last reset